| 000 | 01321cam a22003614a 4500 | ||
|---|---|---|---|
| 001 | 13718313 | ||
| 003 | OSt | ||
| 005 | 20140310182714.0 | ||
| 008 | 040914s2005 njua b 001 0 eng | ||
| 010 | _a 2004059337 | ||
| 020 | _a9812532498 | ||
| 040 |
_aDLC _cDLC _dDLC |
||
| 042 | _apcc | ||
| 050 | 0 | 0 |
_aRA 409 _b.D184 2005 |
| 082 | 0 | 0 |
_aM 519.5 _222 _bD22 2005 |
| 100 | 1 |
_aDaniel, Wayne W., _d1929- |
|
| 245 | 1 | 0 |
_aBiostatistics _bA foundation for analysis in the health sciences _cDaniel, Wayne W. |
| 250 | _a8th ed. | ||
| 260 |
_aHoboken, N.J. _bWiley _cc2005 |
||
| 300 |
_axi, 782, 146, 4 p. _bill. _c24 cm. |
||
| 504 | _aIncludes bibliographical references and index. | ||
| 521 | _aCollege Student | ||
| 526 | _c1210L to 1700L | ||
| 541 | _j1 | ||
| 562 | _efor circulation. 1 copy available in the collection | ||
| 650 | 0 | _aMedical statistics. | |
| 650 | 0 | _aBiometry. | |
| 856 | 4 | 1 |
_3Table of contents only _uhttp://www.loc.gov/catdir/toc/wiley051/2004059337.html |
| 856 | 4 | 2 |
_3Publisher description _uhttp://www.loc.gov/catdir/enhancements/fy0618/2004059337-d.html |
| 906 |
_a7 _bcbc _corignew _d1 _eocip _f20 _gy-gencatlg |
||
| 942 |
_2lcc _cBK _kM |
||
| 999 |
_c15261 _d15261 |
||